| 000 | 00379 a2200109 4500 | ||
|---|---|---|---|
| 001 | ART_2987 | ||
| 005 | 20260410161711.0 | ||
| 008 | 260409a | ||
| 245 | 1 | 0 | _aEfectos de la integración latinoamericana en el esquema de localización industrial |
| 100 | 1 | _aRofman, Alejandro B. | |
| 773 | 0 |
_tDesarrollo económico _g- Vol. 10, Nº 38 (jul./sep. 1970) _wREV1174 |
|
| 999 |
_c16114 _d16114 |
||